| 000 | 01566cam a2200217 4500500 | ||
|---|---|---|---|
| 005 | 20251228065555.0 | ||
| 041 | _afre | ||
| 042 | _adc | ||
| 100 | 1 | 0 |
_aStévenin, Frédérique _eauthor |
| 245 | 0 | 0 | _aLes échos du trauma sur les professionnels qui accompagnent les mineurs étrangers isolés |
| 260 | _c2020. | ||
| 500 | _a88 | ||
| 520 | _aCet article se propose d’aborder une forme de souffrance au travail particulière, liée à la relation d’aide. En nous basant sur la notion d’acquisition vicariante, qui consiste à apprendre par observation, nous rejoignons l’hypothèse selon laquelle l’écoute des récits de vie de ces jeunes produirait des effets divers sur ceux qui les reçoivent, selon la place qu’ils occupent, leurs missions, mais également selon qui ils/elles sont. Le travail auprès d’un groupe de jeunes exilés, pris en charge dans un dispositif d’accompagnement, nous a permis d’observer des effets de stress professionnel qui s’originent dans le matériel traumatique apporté par les bénéficiaires. Le traumatisme, vécu par procuration, affecte les accompagnants, notamment en bousculant leurs valeurs, leurs convictions, en modifiant leur rapport au monde. | ||
| 690 | _aaccompagnants | ||
| 690 | _aBurn out | ||
| 690 | _arécit | ||
| 690 | _arelation d’aide | ||
| 690 | _atraumatisme | ||
| 786 | 0 | _nVST - Vie sociale et traitements | 147 | 3 | 2020-07-28 | p. 80-86 | 0396-8669 | |
| 856 | 4 | 1 | _uhttps://shs.cairn.info/revue-vie-sociale-et-traitements-2020-3-page-80?lang=fr&redirect-ssocas=7080 |
| 999 |
_c1591820 _d1591820 |
||